| 000 | 01983nam a2200313 a 4500 | ||
|---|---|---|---|
| 001 | 000045475 | ||
| 003 | DO-SdBNP | ||
| 005 | 20220309122215.0 | ||
| 007 | ta | ||
| 008 | 150408e2014 dr ad 001 0 spa d | ||
| 020 | _a9789945580211 | ||
| 040 |
_aDO-SdBNP _bspa _cBNPHU |
||
| 041 | _hspa | ||
| 082 | 4 |
_a510 _bU76m _222 |
|
| 100 | 1 |
_aUribe, Leonidas Rafael _929230 |
|
| 245 | 1 | 0 |
_aMatemática hoy II / _cUribe, Leonidas Rafael. |
| 260 |
_aSanto Domingo : _bUAPA, _c2014. |
||
| 300 |
_axiv, 270 p. : _bil., ; _c28 cm. |
||
| 490 | 1 | _aAutoaprendizaje | |
| 504 | _aBibliografía : p. 223-224 | ||
| 505 | 0 |
_aUnidad modular no. 1 -- _tLenguaje de conjuntos -- _gUnidad modular no. 2 _tIntroducción a los intervalos y desigualdades -- _gTema modular no. 1 _tDesiguldades -- _gUnidad modular no. 3 _tEcuaciones e inecuaciones de primer y segundo grado en una variable -- _gTema modular no. 1 _tInecuaciones lineales y de segundo grado -- _gUnidad modular no. 4 _tEcuaciones e inecuaciones lineales en dos variables -- _gUnidad modular no. 5 _tSistemas de ecuacuaciones e inecuaciones en dos variables -- _gTema modular no. 1 _tSistema de inecuaciones en dos variables -- _gUnidad modular no. 6 _tVectores, matrices y determinantes -- _gTema modular no. 1 _tVectores y su geometría -- _gTema modular no. 2 _tMatrices y sus generalidades -- _gTema modular no. 3 _tDeterminantes -- _gTema modular no. 7 _tRelaciones y funciones -- _gTema modular no. 1 _tIntroducción al analisis de funciones -- _gTema modular no. 2 _tRepresentación gráfica de funciones de valores reales -- _gTema modular no. 3 _tTeorema del residuo y teorema del factor -- _tSolucionario. |
|
| 590 | _aInventariado, 2021 /MF | ||
| 650 | 1 | 4 |
_aMatemáticas _xLibros textos _981233 |
| 650 | 1 | 4 |
_aMatemáticas _xProblemas, ejercicios, etc. _919473 |
| 710 | 2 | 2 |
_aUniversidad Abierta para Adultos (Santiago de los Caballeros, República Dominicana) _971401 |
| 830 | 0 |
_aAutoaprendizaje _91208 |
|
| 910 | _aValidado, 2022/MFF | ||
| 942 |
_2ddc _cLBS1 |
||
| 999 |
_c44964 _d44964 |
||